Value added tax act : (Record no. 961)

MARC details
000 -LEADER
fixed length control field 00669nam a22002052 4500
001 - CONTROL NUMBER
control field 0000018604
005 - DATE AND TIME OF LATEST TRANSACTION
control field 20151021151127.0
008 - FIXED-LENGTH DATA ELEMENTS--GENERAL INFORMATION
fixed length control field 100216s xx 000 0 eng d
040 ## - CATALOGING SOURCE
Original cataloging agency KABU
Transcribing agency KABU
110 2# - MAIN ENTRY--CORPORATE NAME
Corporate name or jurisdiction name as entry element Kenya.
-- 0000150215
245 10 - TITLE STATEMENT
Title Value added tax act :
Remainder of title chapter 476 and the subsidiary legislations /
Statement of responsibility, etc. Kenya.
250 ## - EDITION STATEMENT
Edition statement Rev. ed.
260 ## - PUBLICATION, DISTRIBUTION, ETC. (IMPRINT)
Place of publication, distribution, etc. Nairobi :
Name of publisher, distributor, etc. Government Printer,
Date of publication, distribution, etc. 2007.
300 ## - PHYSICAL DESCRIPTION
Extent 147 p.
650 #0 - SUBJECT ADDED ENTRY--TOPICAL TERM
Topical term or geographic name as entry element Value added tax
General subdivision Law and legislation
Geographic subdivision Kenya.
-- 0000177926
710 2# - ADDED ENTRY--CORPORATE NAME
Corporate name or jurisdiction name as entry element Kenya Revenue Authority.
-- 0000159418
852 1# - LOCATION
-- p975 KES
908 ## - PUT COMMAND PARAMETER (RLIN)
Put command parameter 100216
950 ## - LOCAL HOLDINGS (RLIN)
-- 1
Holdings
Withdrawn status Lost status Source of classification or shelving scheme Not for loan Home library Current library Date acquired Total Checkouts Full call number Barcode Date last seen Price effective from Koha item type
    Library of Congress Classification   Kabarak, Nakuru City Campus Kabarak, Nakuru City Campus 21/10/2015   KSK3147 .A32007K42008 c. 1 18584 21/10/2015 21/10/2015 General Collection
Designed with assistance from East African Informatics Ltd